Southville International School and Colleges
Your cart is empty.
  • Cart
  • Lists
    Public lists Eva Luna New books Lux_list list_1
    Your lists Log in to create your own lists
  • Log in to your account
  • Your cookies
  • Search history
Southville International School and Colleges
  • Advanced search
  • Recent comments
  • Most popular
  • Libraries

Log in to your account

Log in with GOOGLE


If you do not have an external account, but do have a local account, you can still log in:

  1. Home
  2. MARC view: Belle Prater's boy /
Normal view MARC view ISBD view

Belle Prater's boy / (Record no. 7805)

[ view plain ]
MARC details
000 -LEADER
fixed length control field 01217pam a2200373 a 4500
001 - CONTROL NUMBER
control field 13858678
003 - CONTROL NUMBER IDENTIFIER
control field OSt
005 - DATE AND TIME OF LATEST TRANSACTION
control field 20140310181948.0
008 - FIXED-LENGTH DATA ELEMENTS--GENERAL INFORMATION
fixed length control field 050202r20041996nyu c 000 1 eng
010 ## - LIBRARY OF CONGRESS CONTROL NUMBER
LC control number 2005270069
020 ## - INTERNATIONAL STANDARD BOOK NUMBER
International Standard Book Number 0440413729
040 ## - CATALOGING SOURCE
Original cataloging agency DLC
Transcribing agency DLC
Modifying agency DLC
042 ## - AUTHENTICATION CODE
Authentication code lcac
050 00 - LIBRARY OF CONGRESS CALL NUMBER
Classification number PZ 7
Item number .W582 1996
082 00 - DEWEY DECIMAL CLASSIFICATION NUMBER
Classification number KF
Item number W58b 1996
100 1# - MAIN ENTRY--PERSONAL NAME
Personal name White, Ruth
Dates associated with a name 1942-
9 (RLIN) 4097
245 10 - TITLE STATEMENT
Title Belle Prater's boy /
Statement of responsibility, etc Ruth White.
260 ## - PUBLICATION, DISTRIBUTION, ETC. (IMPRINT)
Place of publication, distribution, etc New York :
Name of publisher, distributor, etc Dell Yearling Book,
Date of publication, distribution, etc c1996.
300 ## - PHYSICAL DESCRIPTION
Extent 110 p. :
Dimensions 19 cm.
Other physical details ill. ;
521 1# - TARGET AUDIENCE NOTE
Target audience note
541 ## - IMMEDIATE SOURCE OF ACQUISITION NOTE
-- 1
541 ## - IMMEDIATE SOURCE OF ACQUISITION NOTE
-- 2
562 ## - COPY AND VERSION IDENTIFICATION NOTE
Number of copies 2
586 ## - AWARDS NOTE
Awards note Newbery Honor book, 1997.
650 #1 - SUBJECT ADDED ENTRY--TOPICAL TERM
Topical term or geographic name as entry element Cousins
Form subdivision Fiction.
9 (RLIN) 4098
650 #1 - SUBJECT ADDED ENTRY--TOPICAL TERM
Topical term or geographic name as entry element Mother and child
Form subdivision Fiction.
9 (RLIN) 4099
650 #1 - SUBJECT ADDED ENTRY--TOPICAL TERM
Topical term or geographic name as entry element Loss (Psychology)
Form subdivision Fiction.
9 (RLIN) 4100
650 #1 - SUBJECT ADDED ENTRY--TOPICAL TERM
Topical term or geographic name as entry element Identity
Form subdivision Fiction.
9 (RLIN) 4101
856 42 - ELECTRONIC LOCATION AND ACCESS
Materials specified Contributor biographical information
Uniform Resource Identifier <a href="http://www.loc.gov/catdir/enhancements/fy0626/2005270069-b.html">http://www.loc.gov/catdir/enhancements/fy0626/2005270069-b.html</a>
856 42 - ELECTRONIC LOCATION AND ACCESS
Materials specified Publisher description
Uniform Resource Identifier <a href="http://www.loc.gov/catdir/enhancements/fy0626/2005270069-d.html">http://www.loc.gov/catdir/enhancements/fy0626/2005270069-d.html</a>
906 ## - LOCAL DATA ELEMENT F, LDF (RLIN)
a 7
b cbc
c origcop
d 2
e ncip
f 20
g y-gencatlg
942 ## - ADDED ENTRY ELEMENTS (KOHA)
Source of classification or shelving scheme Library of Congress Classification
Koha item type
Call number prefix
Holdings
Withdrawn status Lost status Source of classification or shelving scheme Damaged status Home library Current library Shelving location Date acquired Total Checkouts Full call number Barcode Date last seen Copy number Price effective from Koha item type
    Library of Congress Classification   Luxembourg Library Luxembourg Library Kids Fiction Section 07/25/2013   PZ 7 .W582 1996 7683 08/13/2013 1 07/25/2013 Books
    Library of Congress Classification   Luxembourg Library Luxembourg Library Kids Fiction Section 07/25/2013   PZ 7 .W582 1996 14255 08/13/2013 2 07/25/2013 Books

Belle Prater's boy /

APA

White R., . (1996). Belle Prater's boy. New York: Dell Yearling Book.

Chicago

White Ruth, . 1996. Belle Prater's boy. New York: Dell Yearling Book.

Harvard

White R., . (1996). Belle Prater's boy. New York: Dell Yearling Book.

MLA

White Ruth, . Belle Prater's boy. New York: Dell Yearling Book. 1996.

  • Place hold
  • Print
  • Cite
  • Add to your cart (remove)
  • Save record
    BIBTEX Dublin Core MARCXML MARC (non-Unicode/MARC-8) MARC (Unicode/UTF-8) MARC (Unicode/UTF-8, Standard) MODS (XML) RIS
  • More searches
    Search for this title in:
    Other Libraries (WorldCat) Other Databases (Google Scholar) Online Stores (Bookfinder.com) Open Library (openlibrary.org)

Exporting to Dublin Core...

SOUTHVILLE LIBRARY

Southville International School and Colleges Library

1281 Tropical Ave. Cor. Luxembourg St., BF Homes International, Las Pinas City

Tel. No. 8256374 / 252358 Loc. 117/146

Powered by Koha